Automobile bearings and lubrication /

Bibliographic Details
Main Author: Webb, Paul W., 1894-
Other Authors: Strouse, Charles Ray, 1889-
Format: Book
Language:English
Published: Scranton, Pa. : International textbook company, [1934]
Series:[International textbook company. Bluebooks] 126B

MARC

Tag First Indicator Second Indicator Subfields
LEADER 00000cam a2200000 4500
001 in00000099521
005 20150926125623.0
008 800403r19691934miuaf 00010 eng d
035 |a (OCoLC)06162911 
035 |9 AAL3942AM 
040 |a TXA  |c TXA  |d UtOrBLW 
049 |a TXAM  |c [636743] 
090 |a TL275  |b .W4 
100 1 |a Webb, Paul W.,  |d 1894- 
245 1 0 |a Automobile bearings and lubrication /  |c by P. W. Webb, under the supervision of C. R. Strouse. 
264 1 |a Scranton, Pa. :  |b International textbook company,  |c [1934] 
300 |a v, 45, 45, 56 pages :  |b illustrations, double plate 
336 |a text  |b txt  |2 rdacontent 
337 |a unmediated  |b n  |2 rdamedia 
338 |a volume  |b nc  |2 rdacarrier 
490 0 |a [International textbook company. Bluebooks] 126B 
500 |a "An authorized facsimile ... produced by microfilm-xerography in 1969 by University Microfilms." 
505 0 |a Automobile bearings.--Automobile-chassis lubrication.--Automobile-engine lubrication. 
700 1 |a Strouse, Charles Ray,  |d 1889- 
999 |a MARS 
999 f f |s c26cde6f-f741-3759-8e8d-a96656f591e6  |i 0827ed07-238a-32fd-b685-d326b528dfed  |t 0 
952 f f |p ric  |a Texas A&M University  |b Rellis Campus  |c Joint Library Facility  |d Remote Storage  |t 0  |e TL275 .W4  |h Library of Congress classification  |i unmediated -- volume  |m A14805528408 
998 f f |a TL275 .W4  |t 0  |l Remote Storage